| 000 | 01001 a2200229 4500 | ||
|---|---|---|---|
| 999 |
_c8237 _d8237 |
||
| 020 | _a0155015842 | ||
| 050 | 0 | 4 | _aPN2061 MCG 2012 |
| 100 | 1 |
_aMcGaw, Charles, _d1910-1978 |
|
| 245 | 1 | 0 |
_aActing is believing : _ba basic method / _cCharles McGaw and Larry D. Clark. |
| 250 | _a7th ed. | ||
| 264 |
_aNew York: _bWadsworth., _c2012 |
||
| 300 |
_aviii, 270 p. : _bill. ; |
||
| 500 | _aIncludes bibliographical references (p. 233-237) and index. | ||
| 504 | _aIncludes bibliographical references (p. 233-237) and index. | ||
| 650 | 0 | _aActing. | |
| 700 | 1 | _aClark, Larry D. | |
| 856 | 4 | 1 |
_3Table of contents only _uhttp://www.loc.gov/catdir/enhancements/fy1505/94073547-t.html |
| 856 | 4 | 2 |
_3Publisher description _uhttp://www.loc.gov/catdir/enhancements/fy1505/94073547-d.html |
| 856 | 4 | 2 |
_3Contributor biographical information _uhttp://www.loc.gov/catdir/enhancements/fy1505/94073547-b.html |
| 942 |
_2lcc _cBK _h2061 _iMCG _kPN |
||